1690 1997 1799 1197 1150 1467 1552 1739 1107 1717 1519 1637 1707 1274 1488 1185 1509 1116 1283 1675 1849 1625 1183 1346 1506 1187 1303 1585 1781 1325 1835 1445 1692 1651 1876 1407 1468 1124 1396 1943 1533 1927 1954 1846 1371 1002 1682 1549 1009 1349 1526 1609 1789 1646 1204 1086 1718 1573 1526 1405 1591 1102 1856 1646 1852 1750 1751 1373 1092 1724 1607 1034 1824 1997 1026 1246 1810 1890 1000 1530 1531 1230 1639 1822 1623 1029 1355 1555 1671 1529 1953 1316 1123 1427 1742 1977 1237 1554 1811 BCNSPRNW ULIB Ver.6.0+V

เปลี่ยนเป็นภาษาไทย

Change to English
 แสดงรายละเอียดบรรณานุกรม
  กลับหน้าหลัก

Brief Record : Get Marc (ISO 2709) : E-mail record : QR code < ปิดหน้าต่าง
LEADER : 00000nam 2200000uu 4500
001    13399121751
003     ULIB
008    121204s2547||||th 000 0 tha d
060 04 ^aWC503^bว643ค
245 00 ^aรายงานการสังเคราะห์องค์ความรู้จากการประชุมนานาชาติเรื่องโรคเอดส์ครั้งที่ 15 :^bด้านนโยบายและการดำเนินงาน /^cวิพุธ พูลเจริญ ... [และคณะ] ; จัดทำโดย สำนักโรคเอดส์ วัณโรค และโรคติดต่อทางเพศสัมพันธ์ กรมควบคุมโรค กระทรวงสาธารณสุข
246 30 ^aการสังเคราะห์องค์ความรู้จากการประชุมนานาชาชาติเรื่องโรคเอดส์ครั้งที่ 15 :^bด้านนโยบายและการดำเนินงาน
250    ^aพิมพ์ครั้งที่ 1
260    ^aนนทบุรี :^bสำนัก,^c2547
300    ^aก-ฉ, 63 หน้า ;^c30 ซม.
650  7 ^aกลุ่มอาการภูมิคุ้มกันเสื่อม
650  7 ^aโรคเอดส์
700 0  ^aวิพุธ พูลเจริญ
710 2  ^aกรมควบคุมโรค. ^bสำนักโรคเอดส์ วัณโรคและโรคติดต่อทางเพศสัมพันธ์
711 2  ^aการประชุมนานาชาติเรื่องโรคเอดส์^n(ครั้งที่ 15 :^d2547 :^cนนทบุรี)
945    ^p0^l0^i24336
995    ^aทศพร
999    ^aทศพร
รายการนี้ยังไม่มีแท็ก
คุณยังไม่ได้ล็อกอิน คุณสามารถมีกิจกรรมร่วมกับเว็บไซต์ได้ แต่ต้องล็อกอินก่อน ::
  ล็อกอิน

รายการสื่อสารสนเทศ

ลำดับที่ ประเภท เลขเรียก/บาร์โค้ด สถานที่ สถานะ
1. วิทยาศาสตร์การแพทย์ และสุขภาพ
วิทยาศาสตร์การแพทย์ และสุขภาพ
WC503 ว643ค ฉ.1 
  Barcode: 24336
ห้องสมุดวิทยาเขตสวรรค์ประชารักษ์
►หนังสือทั่วไป
บนชั้น

รายการใกล้เคียง
    หัวเรื่อง [กลุ่มอาการภูมิคุ้มกันเสื่อม]
    หัวเรื่อง [โรคเอดส์]

BibComment


ยังไม่เคยถูกคอมเมนท์

คอมเมนท์ทรัพยากรรายการนี้
  คอมเมนท์: รายงานการสังเครา..


 Copyright 2026. Bcnsprnw @Library